[Event "Evry 1st"]
[Site "Evry"]
[Date "2001.03.18"]
[Round "4"]
[White "Marcelin, Cyril"]
[Black "Pira, Davoud"]
[Result "1-0"]
[WhiteElo "2424"]
[BlackElo "2449"]
[Annotator "Wells,P"]
[PlyCount "39"]
[EventDate "2001.03.??"]
[EventType "tourn"]
[EventRounds "9"]
[EventCountry "FRA"]
[EventCategory "8"]
[SourceTitle "CBM 083"]
[Source "ChessBase"]
[SourceDate "2001.07.05"]
[SourceVersion "1"]
[SourceVersionDate "2001.07.05"]
[SourceQuality "1"]

1. e4 c5 2. Nf3 Nc6 3. Bb5 d6 4. c3 a6 $6 5. Bxc6+ bxc6 6. O-O Nf6 7. Re1 Bg4
8. d4 d5 9. Qa4 $1 Bd7 10. e5 Ne4 11. Nbd2 {Black has lost tempi with the
positionally highly questionable 4...a6, with his bishop, and must now
acquiesce in the exchange of his best piece.} Nxd2 12. Bxd2 cxd4 $2 {A final
error after which black's position is beyond redemption. He had to prioritise
development at last, with} (12... e6 {although white still has a choice of
ways to emphasise his superior mobilisation, of which} 13. dxc5 Bxc5 14. Qg4 $1
{looks the most threatening.}) 13. e6 $1 $18 {[%csl Re8,Yf3,Rf8][%cal Yf3e5,
Ya4d4,Yd4f4]} fxe6 (13... Bxe6 {is even worse. After} 14. Rxe6 fxe6 15. Qxc6+
Kf7 16. Ng5+ {mate is imminent.}) 14. Qxd4 c5 15. Qxc5 Rc8 16. Qe3 Rc4 17. Ne5
Re4 18. Qf3 Rxe1+ 19. Rxe1 Qb6 20. Qh5+ 1-0

[Event "Biel 53rd"]
[Site "Biel"]
[Date "2020.07.24"]
[Round "4"]
[White "Naiditsch, Arkadij"]
[Black "Wojtaszek, Radoslaw"]
[Result "0-1"]
[WhiteElo "2626"]
[BlackElo "2719"]
[Annotator "Wojtaszek,R"]
[PlyCount "86"]
[EventDate "2020.07.21"]
[EventType "tourn"]
[EventRounds "7"]
[EventCountry "SUI"]
[EventCategory "17"]
[SourceTitle "CBM 197"]
[Source "ChessBase"]
[SourceDate "2020.07.27"]
[SourceVersion "1"]
[SourceVersionDate "2020.07.27"]
[SourceQuality "1"]

{[%evp 0,86,22,34,100,78,111,44,71,73,100,80,60,57,59,3,-15,-20,21,28,7,7,72,
12,8,25,10,10,25,-61,-19,-59,-12,-38,-10,-34,-7,-19,0,-26,-26,-28,-22,-18,-23,
-37,-36,-55,-25,-75,-81,-85,-69,-59,-48,-42,-33,-60,-27,-81,-23,-25,-42,-45,
-53,-53,34,-89,-22,-22,-22,-16,-3,-2,-51,-116,-8,0,-1474,-29981,-29982,-29983,
-29984,-29985,-29986,-29987,-29988,-29991,-29992]} 1. e4 c5 2. Nf3 d6 3. Bb5+
Nd7 4. d4 cxd4 5. Qxd4 a6 6. Bxd7+ Bxd7 7. c4 e5 8. Qd3 b5 9. Nc3 bxc4 10. Qxc4
Be6 (10... h6 $2 11. Nd5 $1) 11. Qd3 ({My previous two games in this system
against GMs Mastrovasilis and Jones were not the most combative ones, since
after} 11. Qc6+ Bd7 12. Qc4 Be6 13. Qc6+ {draws were agreed. Obviously I
didn't expect my opponent to continue the same way but I still felt a bit
relieved when I saw he decided to be more open.}) (11. Nd5 $6 {is not
effective since after} Qa5+ $1 12. Bd2 Bxd5 13. exd5 Qb5 $1 {the d5 pawn will
fall with no compensation.}) 11... h6 12. O-O ({White would like to re-route
his knight as early as possible but it just doesn't quite work:} 12. Nd2 Nf6
13. Nc4 d5 $1 (13... Be7 14. O-O O-O 15. Ne3 {and compared to the game
continuation maybe White doesn't have to go Rd1.}) 14. exd5 Nxd5 15. O-O Nxc3
16. Qxc3 Rc8 17. b3 {and here many moves should give Black a decent position,
with} f6 {being probably the best}) 12... Nf6 13. Rd1 Be7 14. Ne1 O-O 15. Nc2 {
Till this moment we were following the game Carlsen-Anand from 2013. I briefly
remembered analyzing this position and my main conclusion was that Black
should quickly try to activate e7 bishop.} Qd7 $1 $146 {[%cal Ge7d8,Gd8b6,
Gd8a5] A novelty, but already played in few correspondence games so I guess it
wasn't such a big secret anymore.} ({The afromentioned game continued} 15...
Qb6 16. Ne3 Rfc8 17. b3 a5 (17... Qb7 $1 {since Black is fine in the tactical
battle after} 18. Ba3 d5 $1 19. exd5 Bxa3 20. dxe6 Bb2 21. Ncd5 Nxd5 22. Qxd5
Qxd5 23. Nxd5 Bxa1 24. Ne7+ Kf8 25. Nxc8 Rxc8 26. Rxa1 f6 $5 $11 (26... f5))
18. Bd2 Qa6 19. Be1 Nd7 20. f3 Rc6 21. Qxa6 Rcxa6 22. Ned5 Bd8 23. Nb5 {
1/2 (59) Carlsen,M (2868)-Anand,V (2783) Stavanger 2013}) 16. Ne3 {Here I
spent few minutes trying to remember how exactly this bishop manoeuvre was
happening but it was clear that first Black should prepare it.} Rfc8 (16... Bd8
$2 17. Qxd6) 17. Bd2 {This move was new to me but didn't change my plan.} ({
The line I had in my notes was the following:} 17. b3 Bd8 $1 18. Ba3 Bb6 19.
Rac1 Bd4 $1 {and Black is very active.}) 17... Bd8 18. Ncd5 Qb7 ({I briefly
considered} 18... Qb5 $5 19. Nxf6+ Bxf6 20. Bc3 Rc6 21. Qxb5 axb5 22. a3 {
I thought Black could have some small issues with the d6 pawn but engines are
clearly indicating that thanks to the two bishops Black is just fine. Anyway,
I didn't mind keeping more pieces over the board - what can be better than a
long struggle after few months spent in the lockdown :)}) 19. Bc3 Nxd5 20. Nxd5
Rc6 {Around here I was very happy with my position. White's main asset, the
knight on d5 can be easily targeted with Rc5 and Bxd5 threats.} ({Engines are
saying that immediate} 20... Rc5 {was also possible but I didn't like the fact
that after} 21. Bb4 Rc6 (21... Bxd5 $5 22. Bxc5 Bxe4 23. Qxd6 Bxg2 {I quickly
realized that I'm not playing for a win in this position so didn't calculate
too much but it was interesting to see after the game that Black is fine here
too.} 24. Qf8+ (24. Qxe5 Bf6 25. Qg3 Bc6 26. Bd4 Bxd4 27. Rxd4 Qxb2 28. Rad1
Qxa2 $11) 24... Kh7 25. Rxd8 Bh1 $8 {cute:)} (25... Bh3 $4 26. Qg8+ Kg6 27.
Rd6+ f6 28. Qd5 $1 {That's why Bh1 was the only move!}) 26. Kf1 Qb5+ 27. Kg1
Qb7 $11) 22. Rac1 {I have to exchange two rooks.}) 21. h3 Rac8 22. Kh2 $6 {
The move I expected but not the best one. White had to realize there is no
time for a "wait and see" strategy as the black pieces will become too active.}
(22. f4 $1 {should be played to keep the balance.} f6 (22... exf4 23. Nxf4 Qb5
24. Nxe6 Qxd3 25. Rxd3 fxe6 $11) 23. Kh2 Rc5 24. Bb4 $1 Rb5 25. Bc3 {and here
it would have been difficult for me to improve the position.}) 22... Bg5 $15 (
22... Rc5 {I spent a lot of time considering this move but couldn't find
anything more than a draw after} 23. Bb4 Rc2 24. Bxd6 Rxf2 (24... Qxb2 25. Rab1
Qd4 26. Qxc2 Rxc2 27. Rxd4 exd4 28. Rb8 Rc8 29. Rxc8 Bxc8 30. Ne7+ $11) 25.
Bxe5 Bxd5 26. Qxd5 Qxd5 27. Rxd5 Bc7 28. Bxc7 Rxc7 29. Ra5 Rcc2 30. Rg1 $11)
23. f3 Rc5 24. Ne3 Qb6 $1 25. Re1 Bf4+ $6 {Wrong plan. I overestimated the
position we've got in the game and underestimated the fact that White can
hardly move while I could still improve my position in many ways like h5-h4 or
a5-a4.} (25... h5 $1 {All white pieces are tied up so even sitting with the
computer it's very difficult to offer some decent continuation for White.} 26.
Kh1 (26. Rad1 R5c6 (26... Bxa2 27. Qxd6) 27. a3 Bb3 {and weakening the b3
square obviously has not improved White's chances.}) 26... Bf4 27. Rad1 Qd8 $5
{[%cal Gd8h4]}) 26. g3 $1 {This ugly looking move I somehow couldn't take
seriously during the game but I definitely should!} Bxe3 $6 (26... Bg5 {
was better since after h4 White has to weaken light squares around the king
even more:} 27. h4 Bxe3 28. Qxe3 f6 $17) 27. Qxe3 ({Not} 27. Rxe3 $4 Rxc3 $1
28. bxc3 Qb2+ $19) 27... Qc6 28. a3 f6 $15 {During the game I already saw with
eyes of imagination that I will go d5 and White's weak king will get under
some serious attack. Even though it's more or less what happened in the game,
objectively things are not so simple yet.} 29. Rad1 Rd8 {I was not happy with
this move as it will allow White to exchange more pieces but the alternative
was even less promising.} (29... d5 {looks attractive at first but it would
make White's life easier:} 30. exd5 Rxd5 (30... Bxd5 31. Rd3 {[%cal Ge1d1]})
31. Rxd5 Bxd5 {Black's queen and bishop should stand the other way around on
the h1-a8 diagonal.} (31... Qxd5 32. f4 $1) 32. f4 $1 exf4 33. Qxf4) 30. Rd2 d5
31. exd5 Rcxd5 32. Rxd5 Qxd5 33. f4 Bc8 $1 {I was counting on this move when
playing 29...Rd8. If felt that I will have a decent chance to create some
problems for my opponent, especially given the fact he was getting short of
time.} 34. fxe5 Bb7 35. Rg1 $2 (35. Qf2 $1 fxe5 36. Rf1 $1 {and despite
looking great, Black's position cannot be improved, for instance} (36. Bxe5 $4
Re8 37. Bc3 Rxe1 38. Bxe1 Qh1#) 36... Rd6 $5 37. Qf8+ Kh7 38. Qf5+ Rg6 39. Rg1)
35... fxe5 36. g4 $4 ({It was neccessary to include} 36. Qe2 $1 {to stop the
rook coming to the f-file.} Rf8 37. Rf1) 36... Rf8 37. g5 (37. Qe2 e4 38. Rf1 {
was the last chance, but after} (38. Rd1 Qc6 39. Rf1) 38... e3 $1 39. Rxf8+
Kxf8 40. Qf1+ Ke8 {Black should be winning anyway.}) 37... Rf3 $1 38. Qxe5 (38.
Qe2 e4 39. gxh6 Qd6+ $1) 38... Rf2+ 39. Kg3 {and here it turned out that the
only winning continuation is the prosaic one:} Rg2+ $1 40. Rxg2 Qxg2+ 41. Kh4
Qf2+ {and there is no rescue for White. He resigned.} 42. Qg3 hxg5+ 43. Kg4
Bc8+ $1 0-1

[Event "Palma de Mallorca FIDE GP"]
[Site "Palma de Mallorca"]
[Date "2017.11.18"]
[Round "3"]
[White "Hammer, Jon Ludvig"]
[Black "Svidler, Peter"]
[Result "0-1"]
[WhiteElo "2629"]
[BlackElo "2763"]
[Annotator "Yermolinsky,A"]
[PlyCount "78"]
[EventDate "2017.11.16"]
[EventType "swiss"]
[EventRounds "9"]
[EventCountry "ESP"]
[SourceTitle "CBM 182"]
[Source "ChessBase"]
[SourceDate "2018.01.17"]
[SourceVersion "1"]
[SourceVersionDate "2018.01.17"]
[SourceQuality "1"]

1. e4 c5 2. Nf3 d6 3. Bb5+ Nd7 4. d4 cxd4 5. Qxd4 a6 6. Bxd7+ {The latest
practice has shown that White has nothing after the trade.} ({I played an
interesting game, Yermolinsky-Sandipan, Hainan 2016} 6. Be2 Ngf6 7. O-O g6 8.
Nc3 Bg7 9. Rd1 O-O 10. e5 $1 {Later this whole thing was repeated in
Artemiev-Can, Eurpean Championship 2017, but the ownership of the idea belongs
to Laurent Fressinet.}) 6... Bxd7 7. Nc3 e5 8. Qd3 Rc8 9. Nd2 ({On} 9. O-O {
the correct reply is} h6 $1 {Adams-Giri, 2016} ({preventing a possible pin} 
9... Nf6 10. Bg5) 10. Nd2 Qc7 11. Rd1 Bg4 12. f3 Be6 13. Nf1 Nf6 14. Ne3 Be7 {
leading to a similar position to that in the game. Still it makes sense for
White to force Black to lose a tempo on h7-h6.}) 9... Be6 10. Nf1 Be7 11. Ne3
Nf6 12. O-O Qc7 13. a4 Qc5 14. Rd1 O-O 15. Bd2 {It is instructive to watch
Svidler generating chances in this stable pawn structure.} Bd8 $1 {Activating
the bishop was a great idea, and it provoked Hammer's overreaction.} 16. Nf5 $4
{I don't get this at all.} Bxf5 17. exf5 d5 $17 18. Rac1 (18. Bg5 d4 19. Bxf6
Bxf6 20. Ne4 Qxc2 21. f4 {was the only way to generate some play, but I
wouldn't bet on White making it work.}) 18... Bb6 19. Qe2 h6 20. a5 Ba7 21. Na4
Qc6 22. b3 ({The only redeeming value of Na4 would be to shut down the bishop,
but} 22. Nb6 Bxb6 23. axb6 Rfe8 24. c3 Qxb6 25. Be3 Qb3 {looks like a
technical task for somebody like Peter Svidler.}) 22... Rfe8 23. Kh1 Qd7 24. g4
d4 25. Qf3 e4 $1 $19 26. Qg2 Qc6 {What follows is Jon-Ludwig's desperate
attempt to make something happen in his own time trouble.} 27. g5 hxg5 28. Bxg5
e3 29. f3 Re5 30. Qh3 e2 31. Rg1 d3 $1 {Stylish.} 32. Nb6 (32. cxd3 Qxc1 33.
Bxc1 Bxg1 34. Bd2 e1=Q 35. Bxe1 Rxe1 {and White will get mated soon.}) 32...
Bxb6 33. axb6 Rce8 34. Bh6 (34. Rce1 Nd5 35. cxd3 Nb4 36. Bh6 g6) 34... Ng4 35.
Rxg4 e1=Q+ 36. Rxe1 Rxe1+ 37. Kg2 R8e2+ 38. Kg3 Rg1+ 39. Kh4 Qxh6# 0-1

[Event "WchT 11th"]
[Site "Khanty-Mansiysk"]
[Date "2017.06.17"]
[Round "1.1"]
[White "Solak, Dragan"]
[Black "Ponomariov, Ruslan"]
[Result "1/2-1/2"]
[WhiteElo "2641"]
[BlackElo "2712"]
[Annotator "Yermolinsky,A"]
[PlyCount "145"]
[EventDate "2017.06.17"]
[EventType "team-tourn"]
[EventRounds "9"]
[EventCountry "RUS"]
[SourceTitle "CBM 179"]
[Source "ChessBase"]
[SourceDate "2017.07.12"]
[SourceVersion "1"]
[SourceVersionDate "2017.07.12"]
[SourceQuality "1"]
[WhiteTeam "Turkey"]
[BlackTeam "Ukraine"]
[WhiteTeamCountry "TUR"]
[BlackTeamCountry "UKR"]

1. e4 c5 2. Nf3 d6 3. Bb5+ Nd7 4. d4 cxd4 5. Qxd4 a6 6. Bxd7+ Bxd7 7. O-O Nf6
8. c4 g6 9. Nc3 Bg7 10. a4 O-O 11. Qd3 Bg4 12. Nd2 Nd7 13. h3 Ne5 14. Qc2 Bd7
15. b3 Rc8 16. Bb2 b5 $1 17. axb5 axb5 18. Nd5 bxc4 19. bxc4 Be6 20. Bxe5 Bxe5
21. Ra7 Bxd5 22. exd5 Rc7 23. Rxc7 Qxc7 $15 24. Nf3 Bf6 25. Rc1 Rc8 26. g3 Qc5
27. Kg2 Qa3 28. Qd2 h5 29. g4 hxg4 30. hxg4 Ra8 31. g5 Bg7 32. Qe3 Qxe3 33.
fxe3 Ra2+ 34. Kg3 Re2 35. Kf4 $2 (35. c5 dxc5 36. Kf4 $11) 35... Bb2 36. Rb1
Rc2 37. Nd4 Bxd4 38. exd4 Rxc4 {The smoke has cleared and one would expect a
master technician, such as Ruslan has always been, to be able to bring home
the bacon.} 39. Ke4 Kg7 40. Rb7 Rc1 41. Ra7 Re1+ 42. Kf3 f5 43. gxf6+ Kxf6 44.
Ra8 Rf1+ 45. Ke3 Kg7 46. Ra7 Rf7 47. Ra1 g5 48. Rh1 Kg6 49. Rg1 Rf5 50. Ke4
Rf4+ 51. Ke3 Kf5 52. Rh1 g4 {A bit strange.} ({I wonder what Ruslan disliked
about} 52... Re4+ 53. Kd3 g4 54. Rh8 Re1 {The thing is, Black promotes the
pawn without his king's help after} 55. Kd2 Ra1 56. Rf8+ Ke4 57. Rf7 g3 58.
Rxe7+ Kxd5 59. Rg7 g2) 53. Rh5+ Kg6 54. Rh4 Kg5 55. Rh7 Rf3+ 56. Ke2 Rf5 57.
Ke3 g3 $4 {A terrible oversight that cost Ukraine a match victory.} (57... Rxd5
58. Rxe7 Rf5 {followed by d6-d5 is iron-clad, as the white king remains cut
off from the action.}) 58. Rxe7 Kg4 (58... Rxd5 59. Rg7+ $1 (59. Ke4 $2 Kf6 $1
{Did Ponomariov count on that?}) 59... Kh4 60. Rg6 $1 {with Ke4 to follow is
similar to the game. Of course,} Rg5 {is answered by} 61. Rh6+ $1 Kg4 {and
only then} 62. Rxd6 $11) 59. Re4+ Kh3 60. Re6 Rxd5 61. Rh6+ Kg4 62. Rg6+ Kh4
63. Rh6+ $1 ({It's never too late to blow it:} 63. Ke4 $4 Rg5) 63... Kg5 64.
Rh3 Kg4 65. Rh6 Rg5 66. Rxd6 Kh5 67. Rd8 $1 {Everything clicks for White.} g2
68. Rh8+ Kg6 69. Rg8+ Kf5 70. Rxg5+ Kxg5 71. Kf2 Kf4 72. Kxg2 Ke4 73. d5
1/2-1/2